000 00932cab a2200289 4500
001 WB3312-32
008 090401t1997 xxu||||| |||| 00| 0 eng d
035 _a(Sirsi) u77184
041 _aeng
245 _aBusiness tenants affected
260 _c1997
350 _a0
490 _aTimes
_v18 March 1997, 37(1)
520 _aChanges in the law to protect business tenants has resulted in landlords inserting unreasonable terms into their leases to overcompensate for lost rights under the Landlord and Tenant (Covenants) Act 1995.
650 _aASSIGNMENT
650 _aBUSINESS TENANTS
650 _aPROPERTY-COMMERCIAL PROPERTY
650 _aEFFECTS
650 _aLANDLORD AND TENANT (COVENANTS) ACT 1995
650 _aLEASES
650 _aLIABILITY
650 _aPRIVITY OF CONTRACT
650 _aTENANT LIABILITY
690 _aLANDLORD AND TENANT-BUSINESS TENANCIES
942 _n0
948 _c18/03/1997
999 _c48511
_d48511